Well Known Quotations - Statistics

General Stats
  • This quiz has been taken 14 times
  • The average score is 11 of 49
Answer Stats
Quote Answer % Correct
Garibi hatao. Indira Gandhi
80%
I came, I saw, I conquered. Julius Caesar
80%
Truth and non-violence are my god. Mahatma Gandhi
80%
Cowards die many times before their death, the valiant never taste of death but once. Shakespeare (Julius Caesar)
70%
Water, water everywhere, not a drop to drink. S.T. Coleridge
70%
I have nothing to offer but blood, toil, tears and sweat. Winston Churchill
70%
Eureka! Eureka! Archimedes
50%
A thing of Beauty is a joy forever. John Keats
50%
A single step for man, a giant leap for mankind. Neil Armstrong
50%
If winter comes, can spring be far behind? PB Shelly
40%
Goverment of the people, by the people, for the people. Lincoln
30%
I know nothing except the fact of my ignorance. Socrates
30%
Generations to come, it may, will scarce believe, that such a one as this ever in flesh and blood walked upon this earth. Albert Einstein
20%
Man is by nature, a political animal. Aristotle
20%
"Reading maketh a full man; conference a ready man; and writing an exact man." Francis Bacon
20%
Some books are to be tasted, some are to be swallowed, and other to be chewed and digested. Francis Bacon
20%
We have made a tryst with destiny. Jawaharlal Nehru
20%
Man does not live by bread alone. Jesus Christ
20%
Aram haram hai. Nehru
20%
Only free men negotiate. I shall never negotiate while I am a prisoner. Nelson Mandela
20%
For fools rush in where angels fear to tread. Pope
20%
A little knowledge is a dangerous thing. Pope
20%
I have promises to keep, and miles to go before I sleep. Robert Frost
20%
East is east and west is west and never the twain shall meet. Rudyard Kipling
20%
Quit India! Gandhiji
10%
Where ignorance is bliss, it is a folly to be wise. Grey
10%
Power tends to corrupt, and absolute power tends to corrupt absolutely. Lord Acton
10%
Let a hundred flowers bloom and a thousand schools of thought contend. Mao Tse-tung
10%
"Patriotism is the best refuge of the scoundrel." Samuel Johnson
10%
All the world's a stage and all the men merely players. Shakespeare (As you like it)
10%
Frailty, thy name is woman. Shakespeare (Hamlet)
10%
Nothing is good or bad, thinking make it so. Shakespeare (Hamlet)
10%
To be, or not to be, that is the question. Shakespeare (Hamlet)
10%
We are such stuffs dreams are made of, and and our little life is rounded with a sleep. Shakespeare (Tempest)
10%
Dilli chalao. Subhash Chandra Bose
10%
Jai Jawan, Jai Kissan, Jai Vigyan! Atal Bihari Vajpayee
0%
Swaraj is my birth right Bal Gangadhar Tilak
0%
It is strange but true, for truth is always strange. Byron (Don Juan)
0%
"Virtue is its own reward." Cicero (De Fintibus)
0%
Where wealth accumulates, men decay. Goldsmith
0%
We don't fear to negotiate, but we don't negotiate out of fear. JF Kennedy
0%
Better to Reign in hell than to serve in Heaven. John Milton (Paradise Lost)
0%
Beauty is truth, and truth, beauty. That is all ye know, and that is all you need to know. Keats (Ode on a grecian Urn)
0%
Jai Jawan, Jai Kissan! Lal Bahadur Shastri
0%
Give us good mothers and I shall give you a good nation. Napoleon
0%
It is excellent to love a giant's strength but it is tyrannous to use it like a giant. Shakespeare (Measure for Measure)
0%
"What's in a name? That which we call a rose by any other name would smeel as sweet." Shakespeare (Romeo and Juliet)
0%
Some are born great, some achieve greatness, and some have greatness thrust upon them! Shakespeare (Twelfth NIght)
0%
The child is the father of the man. Wordsworth (My Heart Leaps up)
0%
No matching quizzes found
Score Distribution
Percent of People with Each Score
Percentile by Number Answered
Your Score History
You have not taken this quiz